| 000 | 00646nam a22002177a 4500 | ||
|---|---|---|---|
| 005 | 20150701125348.0 | ||
| 008 | 140714b xxu||||| |||| 00| 0 Urdu d | ||
| 010 | _aUR-9142 | ||
| 020 | _c100.00 | ||
| 035 | _aU-7697 | ||
| 037 | _bDBAD | ||
| 040 |
_aDPL _bUrdu |
||
| 082 | _a841 | ||
| 100 | _aشو ق ما ہر ی | ||
| 245 |
_aصبح بت کد ہ _cشو ق ما ہر ی |
||
| 246 | h |
_aSubha-e-Butkadah _bBy Shouque Maheri |
|
| 260 |
_bAzad Akhtar _c2013 _aKhandwa(M.P.) |
||
| 270 |
_aZainab Manzil,Moghat Road, _bKhandwa (M.P.) _k9827748714 _e450001 |
||
| 300 |
_a214ص _c22Cm (Hb) |
||
| 942 |
_2ddc _cUR _e _h841 _mش و ق |
||
| 999 |
_c94588 _d94588 |
||